000 00487nam a22001697a 4500
005 20251108171131.0
008 250721s1978 xx 000 0 ara d
082 1 4 _a291/شلب
100 1 _aشلبي، أحمد
245 1 0 _aمقارنة الأديان /
250 _aط5 . , مزيدة و منقحة
264 1 _aالقاهرة :
_bمكتبة النهضة المصرية،
_c1978.
300 _a
650 1 7 _aالدين المقارن
942 _2ddc
_cBK
999 _c57470
_d57470